Statistics for Largest Countries by Letter

Click here to take the quiz!

General Stats

  • This quiz has been taken 47 times
    (9 since last reset)
  • The average score is 19 of 24

Answer Stats

HintSize (km²)Answer% Correct
A7,692,024Australia
100%
B8,515,767Brasil
100%
C9,984,670Canada
100%
O309,500Oman
100%
Q11,437Qatar
100%
R17,098,246Russia
100%
U9,525,067United States
100%
V912,050Venezuela
100%
Y527,970Yemen
100%
Z752,614Zambia
100%
I3,287,263India
88%
K2,724,900Kazakhstan
88%
M1,964,375Mexico
88%
D2,345,410DRC
75%
E1,127,127Ethiopia
75%
F547,030France
75%
G357,021Germany
75%
H112,090Honduras
63%
P1,285,220Peru
63%
S2,149,690Saudi Arabia
63%
J377,835Japan
50%
L1,759,540Libya
50%
N1,267,000Niger
50%
T945,087Tanzania
25%

Score Distribution

Percentile by Number Answered

Percent of People with Each Score

Your Score History

You have not taken this quiz since the last reset